NCAA Teams that Joined the FBS in the 2000s - Statistics

General Stats
  • This quiz has been taken 9 times
  • The average score is 21 of 26
Answer Stats
Date Joined Team % Correct
2014 Appalachian State
100%
2017 Coastal Carolina
100%
2014 Georgia Southern
100%
2013 Georgia State
100%
2023 Jacksonville State
100%
2023 Sam Houston
100%
2009 Western Kentucky
100%
2006 Florida Atlantic
89%
2006 Florida International
89%
2022 James Madison
89%
2026 North Dakota State
89%
2012 South Alabama
89%
2012 UMass
89%
2015 Charlotte
78%
2025 Delaware
78%
2024 Kennesaw State
78%
2018 Liberty
78%
2025 Missouri State
78%
2014 Old Dominion
78%
2026 Sacramento State
78%
2000 UConn
78%
2012 UTSA
78%
2001 South Florida
67%
2012 Texas State
56%
2002 Troy
56%
2004 Florida A&M
22%
No matching quizzes found
Score Distribution
Percent of People with Each Score
Percentile by Number Answered
Your Score History
You have not taken this quiz